杉並区議会の会派名 - Statistics

General Stats
  • This quiz has been taken 7 times
  • The average score is 6 of 15
Answer Stats
人数 会派名 % Correct
8 杉並区議会自由民主党
100%
6 日本共産党杉並区議団
100%
6 立憲民主党杉並区議団
100%
4 杉並区議会公明党
100%
1 無所属(堀部)
50%
1 参政党杉並
33%
5 シスターフッド杉並
17%
5 維新・無所属議員団
17%
4 無所属・都民ファーストの会
17%
1 安心・安全杉並の会
17%
1 都政を革新する会
0%
1 杉並をセンタク致し候
0%
1 杉並わくわく会議
0%
1 区政杉並クラブ
0%
1 far right
0%
No matching quizzes found
Score Distribution
Percent of People with Each Score
Percentile by Number Answered
Your Score History
You have not taken this quiz